Quizzes
Events
Quiz Creation
Community
Videos
Private Events
Remove Ads
Sign In
Join for FREE
Feedback
Dark Mode
Quiz Categories
Sports
Geography
Music
Movies
Television
Just For Fun
Miscellaneous
History
Literature
Language
Science
Gaming
Entertainment
Religion
Holiday
For Kids
Quiz Lab
Recent
Popular Today
Quiz Kudos Today
Editor Picks
Curator Picks
Quizzes by...
Day
Popularity
Type
Ratings
Length
Year
Community
Subscriptions
Recent Discussions
Orange Saloon
Badges
Playlists
Quests
Create
Leaderboards
Showdown
Live 5
Trivia Bingo
Activity
Puzzle Library
Sporcle Events
Private Events
Virtual Trivia
Globe League
Become a Host
Pub Owners
SporcleCon
Opinionation
Our Games
Videos
Blog
Mobile Apps
Partnerships
Remove Ads and Go Orange
Feedback
Television
TV Characters
TV Show
Sitcom
Network
Friends
Reality Shows
Cast
South Park
Star Trek
The Simpsons
Doctor Who
Television
TV Characters
TV Show
Sitcom
Network
Friends
Reality Shows
Cast
South Park
Star Trek
The Simpsons
Doctor Who
Random Quiz
Search Sporcle
×
Quiz Lab
Quiz Lab
Television
TV Characters
Select answers by clicking on text or image buttons
Select answers by clicking on text or image buttons
Clickable
Best Score? Go Orange.
Gender Bender Names: TV Edition Stats
Can you pick the tomboy-ish character names of these TV actresses?
By
sherrydarling
5m
38 Questions
106 Plays
106 Plays
106 Plays
Comments
Comments
Give Quiz Kudos
Give Quiz Kudos
-
- Ratings
hide this ad
Forced Order
Answers have to be entered in order
Answers have to be entered in order
Replay
Link that replays current quiz
Next Quiz
Link to next quiz in quiz playlist
You Got
0%
They Got
Avg Score
33%
Avg Friend Score
Upgrade to see
Score Distribution
Jump to the score distribution portion of the page
Score
0/38
Timer
05:00
0
Plays Today
% Correct
Robin
83%
Elliot
74.5%
Murphy
68.9%
Sydney
67.9%
Rory
66%
Joey
64.2%
Charlie
58.5%
Jamie
51.9%
Harry
50.9%
Blair
47.2%
Frankie
45.3%
Jordan
40.6%
Charlie
38.7%
Jordan
38.7%
Peyton
36.8%
Remy
36.8%
Chuck
28.3%
George
26.4%
Teddy
26.4%
% Correct
Casey
25.5%
Al
24.5%
Charlie
24.5%
Fred
24.5%
Andie
23.6%
Max
22.6%
Alex
18.9%
Joey
17.9%
Sloan
17.9%
Jo
17%
Charlie
16%
Alex
15.1%
Dana
15.1%
Mac
14.2%
Jaye
12.3%
Shane
12.3%
Quinn
11.3%
Andy
9.4%
Dylan
9.4%
Quiz Playlist
Details
Report
Send in Message
Add To Playlist
Clickable:
Select answers by clicking on text or image buttons
Forced Order:
Answers have to be entered in order
Quiz Source
Last Updated: Feb 16, 2017
Quiz Scoreboard
CHALLENGE
Sign Up to Join the Scoreboard
Show All
Scores
Hide
Comments
May contain spoilers
Recently Published
Movies - When Are They Set?
by FPL_Elf
Movies
5m
Popular People in 1961
by mucciniale
History
6m
1-10 Letter E Words III
by El_Dandy
Language
2m
More to Explore
Quiz From the Vault
Featured Blog Post
Where Did the Easter Bunny Come From?
hide this ad
You Might Also Like...
Tags
TV Characters Quiz
Gender
Today's Top Quizzes in Television
Browse Television
hide this ad
Today's Top Quizzes in TV Characters
Browse TV Characters
Top Contributed Quizzes in Television
1
One Piece Logic Puzzle
2
Survivor Logic Puzzle: Heroes vs. Villains
3
Survivor Seasons
4
Survivor Season by Logo
5
Survivor Trivia
6
Survivor Logic Puzzle: Winners at War
7
Ultimate Survivor Logic Puzzle
8
Phoebe Buffay Quotes
9
One Thing in Common: Television
10
Who Wants to Be a Millionaire?
Explore More
Trending Topics
NBA
Marvel
Anime
Crossword
Harry Potter
Disney
Kpop
Country
WWE
Pokémon
The Office
Song
NFL
Puzzle
Soccer
hide this ad
More By:
sherrydarling
Quiz
Plays
Rating
Category
Featured
Created
VH1's 100 Sexiest Artists 2013
3,756
4.00
Music
Jan 13, 2014
100 Greatest Bruce Springsteen Songs
1,478
4.50
Music
Jan 26, 2014
Nashville Character Match
776
4.50
Television
Nov 26, 2013
Lyrics: 'Everybody Loves You Now' - Billy Joel
260
5.00
Music
Feb 16, 2014
Lyrics: 'The Ties That Bind' - Bruce Springsteen
253
5.00
Music
Feb 6, 2014
Go to Creator's Profile
Score Distribution
Quiz Creator Spotlight
sherrydarling
Follow
Send a Message
Quizzes Created
-
Created Quiz Play Count
-
More By This Creator
Popular Quizzes Today
1
Find the US States - No Outlines Minefield
2
Find the Countries of Europe - No Outlines Minefield
3
The Countries of the World
4
Popular People in 1961
5
1-10 Letter E Words III
6
US States
7
Find the US States
8
One Thing in Common: World Cities II
More Television Quizzes
Acrostic Mr. Bean
Quiz Lab
Trending Quizzes
Risky Map Clicking: Least Populous States A-Z
1-10 Letter F Words
Humor Books: The Subtitles
1-10 Letter G Words
One Thing in Common: United Kingdom
Recently Updated
Leaping Animals
pecheneg
Reality TV Shows (A-Z)
bhenderson79
Rickey Henderson's Hall of Fame Teammates
pecheneg
Champions League XIs: Arsenal
pecheneg
Quick Pick: Celebrities in WWE's Hall of Fame
aduchscher
A-Z Keypad Blitz II
pecheneg
Multiple Oscar Actors
pecheneg
Mystery Phrase Blitz: Oscar 'Best Actors'
pecheneg
F. Scott Fitzgerald Novels
LTH
Pick 3 Villains
ddd62291
Trending Topics
Kpop
Anime
Marvel
Harry Potter
Crossword
Disney
NBA
NFL
Song
Puzzle
Pokémon
Country
Soccer
WWE
The Office
Your Account Isn't Verified!
In order to create a playlist on Sporcle, you need to verify the email address you used during registration. Go to your
Sporcle Settings
to finish the process.
Report this User
Report this user for behavior that violates our
Community Guidelines
.
Details:
Send Report
Go to the Sporcle.com Mobile Site →
Comments